01012nam a22002537a 45000010005000000030006000050050017000110080041000280200018000690400029000870500019001160820010001351000018001452450090001632600037002533000044002904900031003345050008003655200280003735210020006535210020006736500024006937000041007179593FISKH20260126083625.0260126b cb ||||| |||| 00| 0 eng d a9780141324906 aFISKHbengcFISKHdFISKH a PZ7 .K6232 .D a813.6 aKinney , Jeff aDiary of a Wimpy Kid : ba novel in cartoons /cGreg Heffley's Journal by Jeff Kinney aLondon :bPuffin Books ,c2007 . a217 pages :bIllustrations ; c20 cm .  aDiary of a Wimpy Kid v(1) aZ  aGreg records his sixth grade experiences in a middle school where he and his best friend, Rowley, undersized weaklings amid boys who need to shave twice daily, hope just to survive, but when Rowley grows more popular, Greg must take drastic measures to save their friendship.8 a950 bLexile 8 aZ bRaz-Plus  aFriendshipvFiction aBeckerman , Chad W eCover Desinger